Etické a zodpovedné vodcovstvo v podnikoch na Slovensku

Výsledky výskumu etického a zodpovedného vodcovstva Na základe odpovedí 26 lídrov (manažérov) zo slovenských podnikov. V súčasnosti v slovenských podnikoch existuje neetické, nezodpovedné a bezcharakterné správanie na manažérskych pozíciách pričom v posledných 5 rokoch nedošlo k výraznej zmene v tej...

Ausführliche Beschreibung

Gespeichert in:
Bibliographische Detailangaben
1. Verfasser: Pfundtnerová, Martina
Format: Buchkapitel
Sprache:Slowakisch
Schlagworte:
Tags: Tag hinzufügen
Keine Tags, Fügen Sie das erste Tag hinzu!

MARC

LEADER 00000nla a2200000 4500
001 0180337
005 20240521103748.4
041 0 |a slo 
044 |a SK 
245 1 0 |a Etické a zodpovedné vodcovstvo v podnikoch na Slovensku  |c Martina Pfundtnerová 
520 |a Výsledky výskumu etického a zodpovedného vodcovstva Na základe odpovedí 26 lídrov (manažérov) zo slovenských podnikov. V súčasnosti v slovenských podnikoch existuje neetické, nezodpovedné a bezcharakterné správanie na manažérskych pozíciách pričom v posledných 5 rokoch nedošlo k výraznej zmene v tejto oblasti. Najrozšírenejšími formami takéhoto správania sú klientelizmus, rodinkárstvo, peňažné a vecné dary a využívanie neoprávnených výhod, pričom zapojenie podnikov do klientelistickej siete nepredstavuje podľa názoru manažérov žiadnu výhodu. Predvídanie takéhoto správania sa v súčasnosti stáva pridanou hodnotou v procese výberu vhodného zamestnanca. 
610 2 0 |a manažéri 
610 2 0 |a vodcovstvo 
610 2 0 |a etika 
610 2 0 |a správanie 
610 2 0 |a Slovensko 
100 1 |a Pfundtnerová, Martina